| 000 | 00699nam a2200241K 4500 | ||
|---|---|---|---|
| 008 | |||
| 020 | _a0201094061 (hbk.) | ||
| 049 | _aMAIN | ||
| 090 |
_aQA845 _bARN |
||
| 100 | 1 | _aArnold, V. I. | |
| 245 | 1 | 0 |
_aErgodic problems of classical mechanics / _cV.I. Arnold, A. Avez. |
| 260 |
_aCalifornia : _bAddison Wesley, _c1989. |
||
| 300 |
_axvii, 286 p. : _bill. ; _c25cm. |
||
| 440 | 0 | _aAdvanced book classics. | |
| 500 | _aIncludes index. | ||
| 504 | _aIncludes bibliographical references. | ||
| 700 | 1 | _aAvez, A. | |
| 907 |
_a.b10034456 _b06-03-13 _c17-04-03 |
||
| 003 | |||
| 005 | 20230123134108.0 | ||
| 040 | _cNUST | ||
| 942 |
_cBOOKS _kQA845 _mARN |
||
| 999 |
_c159966 _d159966 |
||